Az önkormányzatok gazdálkodása Magyarországon
Elmentve itt :
| Szerző: | |
|---|---|
| További közreműködők: | |
| Dokumentumtípus: | Szakdolgozat |
| Megjelent: |
1999
|
| Tárgyszavak: | |
| Online Access: | http://diploma.bibl.u-szeged.hu/24880 |
| LEADER | 00572nta a2200157 i 4500 | ||
|---|---|---|---|
| 001 | dipl24880 | ||
| 005 | 20130314083013.0 | ||
| 008 | 110913s1999 hu om 0|| zxx d | ||
| 040 | |a SZTE Diploma Repozitórium |b hun | ||
| 041 | |a zxx | ||
| 100 | 1 | |a Mészáros Izabella | |
| 245 | 1 | 3 | |a Az önkormányzatok gazdálkodása Magyarországon |h [elektronikus dokumentum] / |c Izabella Mészáros |
| 260 | |c 1999 | ||
| 650 | 4 | |a Jogi és igazgatási tanulmányok | |
| 700 | 1 | |a Égető Emese |e ths | |
| 856 | 4 | 0 | |u http://diploma.bibl.u-szeged.hu/id/eprint/24880/1/1999_meszaros_izabella.pdf |z Dokumentum-elérés |